Site safety checks and auditing (Record no. 72325)

MARC details
000 -LEADER
fixed length control field 01200cam a2200229 4500
001 - CONTROL NUMBER
control field ABS66522
008 - FIXED-LENGTH DATA ELEMENTS--GENERAL INFORMATION
fixed length control field 030319n 000 0 eng u
035 ## - SYSTEM CONTROL NUMBER
System control number (Sirsi) u121696
100 ## - MAIN ENTRY--PERSONAL NAME
Personal name Gannon, R.
245 ## - TITLE STATEMENT
Title Site safety checks and auditing
260 ## - PUBLICATION, DISTRIBUTION, ETC.
-- 003
490 ## - SERIES STATEMENT
Series statement On Site News
Volume/sequential designation 120(1439) March 2003, 10-11(2)
520 ## - SUMMARY, ETC.
Summary, etc. Discusses the subject of company risk and accountability in health and safety matters. Asks where the Clerk of Works fits in to the legal requirements of all listed companies to have an internal control system, following the Turnbull report "Internal control: guidance for directors on the combined code". Recommends the Clerk of Works fulfils the criteria of a responsible person to carry out health and safety site inspections, but warns that their competency should be assessed according to the four headings of training, experience, skills and appointments.
590 ## - LOCAL NOTE (RLIN)
Local note ABS
650 ## - SUBJECT ADDED ENTRY--TOPICAL TERM
Topical term or geographic name entry element HEALTH AND SAFETY AT WORK ETC ACT 1974
650 ## - SUBJECT ADDED ENTRY--TOPICAL TERM
Topical term or geographic name entry element INTERNAL CONTROL: GUIDANCE FOR DIRECTORS ON THE COMBINED CODE
650 ## - SUBJECT ADDED ENTRY--TOPICAL TERM
Topical term or geographic name entry element RISK MANAGEMENT
650 ## - SUBJECT ADDED ENTRY--TOPICAL TERM
Topical term or geographic name entry element CLERKS OF WORKS
650 ## - SUBJECT ADDED ENTRY--TOPICAL TERM
Topical term or geographic name entry element SITE INSPECTIONS
690 ## - LOCAL SUBJECT ADDED ENTRY--TOPICAL TERM (OCLC, RLIN)
Topical term or geographic name as entry element Health and safety
9 (RLIN) 6244
942 ## - ADDED ENTRY ELEMENTS (KOHA)
Suppress in OPAC 0
Holdings
Withdrawn status Lost status Source of classification or shelving scheme Damaged status Not for loan Home library Current library Shelving location Date acquired Total Checkouts Full call number Barcode Date last seen Copy number Price effective from Koha item type
    Dewey Decimal Classification     London London Journal article 19/03/2003   ABS66522 121696-1001 06/08/2019 1 06/08/2019 Journal article